000 00853nam a2200241Ii 4500
003 JO-AjNU
008 230605s9999||||xx |||||||||||||| ||und||
017 _a2006/10/2908
020 _a9957-36-152-X
040 _aJO-AjNU
_bara
_erda
_cJO-AjNU
041 _aara
050 1 4 _aBF698.N37.2006
100 3 _aهرمز،نصر جورج,
_eauthor
_919402
245 0 0 _aكيف تقوي شخصيتك وتنميها
250 _aط1
264 3 1 _aعمان:دار الاسرة للنشر والتوزيع ،2006
300 _a80ص
336 _atext
_btxt
_2rdacontent
337 _aunmediated
_bn
_2rdamedia
338 _avolume
_bnc
_2rdacarrier
490 0 _aسلسلة ضبط النفس والتعامل مع الاخرين
650 4 _aالثقة بالنفس-الجوانب النفسية-الشخصية-علم النفس الاجتماعي
_919403
999 _aA6397
_c9965
_d9965